[Event "Fagernes Chess International"]
[Site "Fagernes"]
[Date "2015.03.29"]
[Round "3"]
[White "Mihajlov, Sebastian"]
[Black "Galinsky, Timofey"]
[Result "1/2-1/2"]
[WhiteElo "2308"]
[BlackElo "2411"]
[PlyCount "77"]
[EventDate "2015.??.??"]

1. d4 Nf6 2. c4 e6 3. Nc3 d5 4. cxd5 Nxd5 5. e4 Nxc3 6. bxc3 c5 7. Nf3 cxd4 8.
cxd4 Bb4+ 9. Bd2 Bxd2+ 10. Qxd2 O-O 11. Be2 Nd7 12. O-O b6 13. Rac1 Bb7 14. Qf4
Nf6 15. Bd3 h6 16. Rfe1 Rc8 17. Rxc8 Qxc8 18. Rc1 Qb8 19. e5 Bxf3 20. Qxf3 Nd5
21. h4 Rc8 22. Re1 Rc3 23. Qe4 Qc7 24. Qh7+ Kf8 25. Qh8+ Ke7 26. Bb5 Qc8 27.
Qxg7 a6 28. Be2 Rc1 29. Rxc1 Qxc1+ 30. Kh2 b5 31. Bf3 Qf4+ 32. Kh3 Nb4 33. Be2
Nxa2 34. Qh8 Nc3 35. Bf3 Nd5 36. Qb8 Qxd4 37. Qd6+ Ke8 38. Qb8+ Ke7 39. Qd6+
1/2-1/2

[Event "Fagernes Chess International"]
[Site "Fagernes"]
[Date "2015.03.29"]
[Round "3"]
[White "Nilsen, Joachim B."]
[Black "Gandrud, Vegar Koi"]
[Result "1-0"]
[WhiteElo "2406"]
[BlackElo "2211"]
[PlyCount "89"]
[EventDate "2015.??.??"]

1. c4 c5 2. g3 g6 3. Bg2 Bg7 4. Nc3 Nc6 5. Nf3 e6 6. d3 Nge7 7. Bg5 h6 8. Bd2
O-O 9. h4 d6 10. Qc1 Kh7 11. a3 Nd4 12. Qd1 Nxf3+ 13. Bxf3 Bd7 14. b4 Bc6 15.
Bxc6 cxb4 16. axb4 bxc6 17. Ra6 d5 18. Qb3 Qd6 19. c5 Qe5 20. Qa4 Rfb8 21. Nd1
Rb7 22. Bc3 Qb8 23. Bd2 Qe5 24. Ne3 Qb2 25. Qa2 Qxa2 26. Rxa2 a5 27. O-O a4 28.
Nc2 Ra6 29. d4 e5 30. e3 exd4 31. exd4 Nf5 32. Bc3 Re7 33. Rfa1 Re4 34. Rd1 Ra8
35. Kf1 Bf6 36. Re1 Rae8 37. Rxe4 Rxe4 38. Rxa4 Bxd4 39. Nxd4 Nxd4 40. Ra8 g5
41. h5 f6 42. f3 Nxf3 43. Bxf6 Nh2+ 44. Kg1 Nf3+ 45. Kf2
1-0

[Event "Fagernes Chess International"]
[Site "Fagernes"]
[Date "2015.03.29"]
[Round "3"]
[White "Wallace, John Paul"]
[Black "Goossens, Hanne"]
[Result "1-0"]
[WhiteElo "2388"]
[BlackElo "2168"]
[PlyCount "52"]
[EventDate "2015.??.??"]

1. d4 Nf6 2. c4 e6 3. Nc3 Bb4 4. f3 c5 5. d5 O-O 6. e4 exd5 7. cxd5 d6 8. Nge2
Re8 9. Ng3 a6 10. Be2 Nbd7 11. O-O Nf8 12. Qc2 b5 13. Nd1 c4 14. Ne3 Bc5 15.
Rd1 Ng6 16. Kh1 Nf4 17. Bf1 N6h5 18. Nef5 Nxg3+ 19. Nxg3 Qh4 20. Bd2 Re5 21.
Be1 Qh6 22. Bf2 Bxf2 23. Qxf2 Bd7 24. a4 Rae8 25. axb5 Bxb5 26. Qd4 g6
1-0

[Event "Fagernes Chess International"]
[Site "Fagernes"]
[Date "2015.03.29"]
[Round "3"]
[White "Getz, Nicolai"]
[Black "Grønnestad, Anita"]
[Result "1-0"]
[WhiteElo "2367"]
[BlackElo "1987"]
[PlyCount "66"]
[EventDate "2015.??.??"]

1. e4 e6 2. d4 d5 3. Nc3 dxe4 4. Nxe4 Bd7 5. Nf3 Bc6 6. Bd3 Be7 7. O-O Nf6 8.
Ng3 Bxf3 9. Qxf3 c6 10. c3 Nbd7 11. Bc2 O-O 12. Ne2 Re8 13. Qh3 Nf8 14. f4 Rc8
15. Kh1 Bd6 16. Qf3 Ng6 17. Ng1 Bb8 18. Bb3 Qc7 19. g3 Ne7 20. Nh3 Rcd8 21. Be3
Nfd5 22. Bg1 Ng6 23. Bc2 Re7 24. Ng5 Nf6 25. Rae1 b6 26. Bb3 h6 27. f5 Nf8 28.
Ne4 Nxe4 29. Qxe4 Nh7 30. fxe6 f6 31. Qg4 Qd6 32. Be3 c5 33. d5 Kh8
1-0

[Event "Fagernes Chess International"]
[Site "Fagernes"]
[Date "2015.03.29"]
[Round "3"]
[White "Haugli, Petter"]
[Black "Kjølberg, Jens Hjorth"]
[Result "1/2-1/2"]
[WhiteElo "2247"]
[BlackElo "2094"]
[PlyCount "149"]
[EventDate "2015.??.??"]

1. d4 Nf6 2. c4 e6 3. Nc3 Bb4 4. e3 c5 5. Bd3 O-O 6. Nf3 b6 7. O-O Bb7 8. Bd2
cxd4 9. exd4 d5 10. cxd5 Nxd5 11. Qe2 Nd7 12. Rac1 Be7 13. Rfd1 N7f6 14. Ne5
Rc8 15. Ba6 Nxc3 16. bxc3 Qd5 17. Bxb7 Qxb7 18. Bg5 h6 19. Bh4 Rfe8 20. Re1 Nd7
21. Bg3 Nxe5 22. Bxe5 Bf8 23. Qd3 Qe7 24. Re3 Qa3 25. Rc2 Bd6 26. f4 Bf8 27.
Rg3 Kh8 28. f5 f6 29. Bf4 e5 30. dxe5 Qc5+ 31. Kh1 Rcd8 32. Qf1 fxe5 33. Be3
Qc6 34. Rg6 Rd6 35. Rxd6 Qxd6 36. Rd2 Qc6 37. c4 Rc8 38. Rc2 Qe4 39. Rc3 Bb4
40. Rb3 Qxc4 41. Qxc4 Rxc4 42. Kg1 e4 43. g4 Bd6 44. Rb2 Rc3 45. Re2 Kg8 46.
Bf2 Ra3 47. Kg2 Ra4 48. Be3 Kf7 49. h4 Ra5 50. Rd2 Be5 51. g5 hxg5 52. hxg5 Ke7
53. Rf2 Ra3 54. Re2 Kd6 55. Kf2 Kd5 56. Rd2+ Kc4 57. Rc2+ Rc3 58. Rd2 Rd3 59.
Rc2+ Kb5 60. Ke2 a5 61. Rc1 Ra3 62. Rb1+ Kc4 63. Bxb6 Rxa2+ 64. Ke3 Bc3 65. Bd8
Rg2 66. Rc1 Kb3 67. Rxc3+ Kxc3 68. Bxa5+ Kc4 69. Kxe4 Rxg5 70. Bd8 Rg2 71. f6
g5 72. Bb6 Rg4+ 73. Kf5 Rf4+ 74. Kxg5 Rxf6 75. Kxf6
1/2-1/2

[Event "Fagernes Chess International"]
[Site "Fagernes"]
[Date "2015.03.29"]
[Round "3"]
[White "Paulet, Iozefina"]
[Black "Risting, Eivind Olav"]
[Result "1/2-1/2"]
[WhiteElo "2205"]
[BlackElo "2100"]
[PlyCount "101"]
[EventDate "2015.??.??"]

1. e4 c5 2. Nc3 a6 3. Nf3 b5 4. d4 cxd4 5. Nxd4 Bb7 6. Bd3 Nc6 7. Nxc6 Bxc6 8.
O-O e6 9. Qe2 Qc7 10. a4 b4 11. Nd5 Qb7 12. Bf4 Bxd5 13. exd5 Nf6 14. d6 Qc6
15. Qe5 Rc8 16. a5 Nd5 17. Bg3 h5 18. c4 bxc3 19. bxc3 h4 20. c4 hxg3 21. cxd5
gxf2+ 22. Rxf2 Qxd6 23. Qxd6 Bxd6 24. Bxa6 Ra8 25. Bb7 Ra7 26. a6 Bc5 27. d6
Bxd6 28. Rc2 Bxh2+ 29. Kf2 Be5 30. Rc8+ Ke7 31. Rxh8 Bxa1 32. Ke3 Be5 33. Ke4
d6 34. g4 Bg3 35. Kf3 Be5 36. Ke4 Bc3 37. Kd3 Be1 38. Kc4 Bf2 39. Kb5 Kf6 40.
Rh5 g6 41. Rh7 Bc5 42. g5+ Kxg5 43. Rxf7 e5 44. Rf1 Kg4 45. Kc4 Kg3 46. Rf3+
Kg4 47. Rf6 Kg5 48. Rf1 e4 49. Rf7 e3 50. Kd3 Kg4 51. Ke2
1/2-1/2

[Event "Fagernes Chess International"]
[Site "Fagernes"]
[Date "2015.03.29"]
[Round "3"]
[White "Hølleland, Sigve"]
[Black "Mihajlov, Svetoslav"]
[Result "0-1"]
[WhiteElo "1963"]
[BlackElo "2203"]
[PlyCount "54"]
[EventDate "2015.??.??"]

1. d4 Nf6 2. c4 d6 3. Nc3 Bf5 4. Nf3 g6 5. Qb3 Qc8 6. Bg5 Bg7 7. g3 h6 8. Bd2
Ne4 9. Nxe4 Bxe4 10. Bc3 O-O 11. Bg2 e5 12. dxe5 dxe5 13. O-O Nc6 14. Rad1 Rb8
15. Qa4 a6 16. b4 Bxf3 17. Bxf3 e4 18. Bxg7 exf3 19. Bxf8 fxe2 20. Bxh6 Qh3 21.
Bf4 Nd4 22. f3 exf1=Q+ 23. Rxf1 Ne2+ 24. Kf2 Qxh2+ 25. Ke3 b5 26. cxb5 Re8+ 27.
Kd3 Nxf4+
0-1

[Event "Fagernes Chess International"]
[Site "Fagernes"]
[Date "2015.03.29"]
[Round "3"]
[White "Bjerke, Richard"]
[Black "Dolzhikova, Olga"]
[Result "1/2-1/2"]
[WhiteElo "2180"]
[BlackElo "2159"]
[PlyCount "105"]
[EventDate "2015.??.??"]

1. Nf3 Nf6 2. c4 e6 3. g3 d5 4. Bg2 Be7 5. O-O O-O 6. d4 dxc4 7. Qc2 a6 8. a4
c5 9. dxc5 Bxc5 10. Qxc4 Nbd7 11. Qb3 Qe7 12. Nc3 Rb8 13. Bf4 e5 14. Bg5 Qe8
15. Nh4 b6 16. Rad1 Bd4 17. Qc2 Qe6 18. Ne4 Bb7 19. Bxf6 Nxf6 20. Nxf6+ Qxf6
21. Bxb7 Rxb7 22. e3 Bc5 23. b4 Be7 24. Qe4 Rfb8 25. b5 axb5 26. axb5 Rc7 27.
Rd5 Rc5 28. Rfd1 Qe6 29. Nf5 Bf8 30. g4 g6 31. Ng3 Rbc8 32. h3 Qe8 33. Qa4 Rxd5
34. Rxd5 Qe6 35. Qd1 Rc4 36. e4 Qc8 37. Qf3 Rc5 38. Qf6 Rxd5 39. exd5 Qd7 40.
Qxe5 Bd6 41. Qe3 Bxg3 42. Qxg3 Qxb5 43. Qb8+ Kg7 44. Qe5+ Kg8 45. Qb8+ Kg7 46.
d6 Qb1+ 47. Kh2 Qb2 48. Kg2 Qd4 49. Qc7 Qd5+ 50. Kg1 Qd1+ 51. Kh2 Qd4 52. Kg3
Qd3+ 53. Kg2
1/2-1/2

[Event "Fagernes Chess International"]
[Site "Fagernes"]
[Date "2015.03.29"]
[Round "3"]
[White "Havik, Victor"]
[Black "Martinsen, Stig K."]
[Result "1-0"]
[WhiteElo "2160"]
[BlackElo "2157"]
[PlyCount "91"]
[EventDate "2015.??.??"]

1. d4 e6 2. c4 b6 3. a3 Bb7 4. Nc3 f5 5. Nf3 Nf6 6. g3 g6 7. Bg2 Bg7 8. O-O O-O
9. d5 Na6 10. Bf4 Nc5 11. d6 cxd6 12. Bxd6 Re8 13. Nb5 Nfe4 14. Be5 a6 15. Bxg7
axb5 16. Bh6 bxc4 17. Nd2 Nxd2 18. Bxb7 Nxf1 19. Qd4 Qe7 20. Bxa8 Nxh2 21. Kxh2
Rxa8 22. Qxc4 Qf6 23. Bd2 Ne4 24. Be3 Qxb2 25. Bd4 Qd2 26. Bxb6 Qc3 27. Qa2 Rb8
28. Rb1 Qc6 29. Bd4 Ra8 30. Qb2 d6 31. Qb3 Nc5 32. Qc4 Qd5 33. Qb4 e5 34. Bb2
Qe4 35. Qe1 Rb8 36. Qd1 Na4 37. f3 Qc6 38. Ba1 Rxb1 39. Qxb1 Nc5 40. Qb8+ Kg7
41. Qa7+ Kh6 42. Qa5 Qb7 43. Qd2+ Kh5 44. Qxd6 Nd7 45. Qe7 Kh6 46. Bxe5
1-0

[Event "Fagernes Chess International"]
[Site "Fagernes"]
[Date "2015.03.29"]
[Round "3"]
[White "Djurhuus, Eivind X"]
[Black "Merkesvik, Sondre"]
[Result "0-1"]
[WhiteElo "2077"]
[BlackElo "2135"]
[PlyCount "92"]
[EventDate "2015.??.??"]

1. e4 Nf6 2. e5 Nd5 3. d4 d6 4. Nf3 Nc6 5. c4 Nb6 6. e6 fxe6 7. Nc3 g6 8. h4
Bg7 9. Be3 O-O 10. h5 e5 11. d5 Nd4 12. Nxd4 exd4 13. Bxd4 Bxd4 14. Qxd4 e5 15.
Qe3 Qf6 16. hxg6 hxg6 17. Bd3 Bf5 18. O-O-O Rae8 19. f3 Re7 20. Rdf1 Bxd3 21.
Qxd3 Qf4+ 22. Kb1 Nxc4 23. Qxg6+ Rg7 24. Qe6+ Qf7 25. Qxf7+ Rfxf7 26. Rf2 Ne3
27. Rg1 Rf4 28. Kc1 a6 29. g3 Rc4 30. Rd2 b5 31. Kb1 Rf4 32. Rd3 Rxf3 33. Ne4
Rf1+ 34. Rxf1 Nxf1 35. Rf3 Nh2 36. Nf6+ Kf7 37. Rf2 Kg6 38. Ne8 Re7 39. Nxc7
Rxc7 40. Rxh2 Rc5 41. Rd2 Kf5 42. b4 Rc4 43. a3 e4 44. Rg2 Kg4 45. Rf2 e3 46.
Rf8 Re4
0-1

[Event "Fagernes Chess International"]
[Site "Fagernes"]
[Date "2015.03.29"]
[Round "4"]
[White "Kulaots, Kaido"]
[Black "Donchenko, Alexander"]
[Result "1/2-1/2"]
[WhiteElo "2558"]
[BlackElo "2569"]
[PlyCount "60"]
[EventDate "2015.??.??"]

1. d4 Nf6 2. c4 e6 3. Nc3 Bb4 4. Qc2 O-O 5. a3 Bxc3+ 6. Qxc3 b6 7. Bg5 Bb7 8.
e3 d6 9. Ne2 Nbd7 10. Qd3 e5 11. Nc3 exd4 12. Qxd4 Re8 13. f3 h6 14. Bh4 c5 15.
Qxd6 Rxe3+ 16. Be2 Re6 17. Qd2 Ne5 18. O-O-O Qxd2+ 19. Rxd2 Ng6 20. Bxf6 Rxf6
21. Rhd1 Re6 22. Bf1 Bc6 23. Rd8+ Rxd8 24. Rxd8+ Re8 25. Rxe8+ Bxe8 26. Kd2 Bc6
27. Ke3 Kf8 28. g3 Ne5 29. Be2 f6 30. f4 Ng6
1/2-1/2

[Event "Fagernes Chess International"]
[Site "Fagernes"]
[Date "2015.03.29"]
[Round "4"]
[White "Hammer, Jon Ludvig"]
[Black "Werle, Jan"]
[Result "1-0"]
[WhiteElo "2651"]
[BlackElo "2514"]
[PlyCount "111"]
[EventDate "2015.??.??"]

1. e4 c5 2. Nf3 e6 3. d4 cxd4 4. Nxd4 Nc6 5. Nc3 Qc7 6. Be3 a6 7. Qf3 Bb4 8.
Nxc6 bxc6 9. Bf4 Bd6 10. Bxd6 Qxd6 11. Qg3 Qxg3 12. hxg3 d5 13. g4 Nf6 14. f3
g5 15. Rh6 Ke7 16. Bd3 a5 17. O-O-O Ba6 18. exd5 Bxd3 19. d6+ Kxd6 20. cxd3 Ke7
21. Ne4 Nxe4 22. dxe4 Rab8 23. Rd4 Rb5 24. Rc4 Kd6 25. Rh1 Kc7 26. Kc2 Rb4 27.
Rxb4 axb4 28. Kb3 c5 29. a3 bxa3 30. Kxa3 Kd6 31. Kb3 Ke5 32. Kc4 Kf4 33. Kxc5
Kg3 34. Rh6 Kxg2 35. Rf6 h5 36. gxh5 Rxh5 37. Kd6 Rh3 38. Rxf7 Rxf3 39. Rg7 Rb3
40. Kxe6 Kf3 41. Kf5 Rxb2 42. Rxg5 Ke3 43. e5 Kd4 44. Rg1 Kd5 45. Rd1+ Kc6 46.
e6 Rf2+ 47. Kg6 Rg2+ 48. Kf7 Rf2+ 49. Ke8 Kc7 50. e7 Rf3 51. Rc1+ Kb7 52. Rc4
Rf1 53. Kd7 Rd1+ 54. Ke6 Re1+ 55. Kd6 Re2 56. Rc5
1-0

[Event "Fagernes Chess International"]
[Site "Fagernes"]
[Date "2015.03.29"]
[Round "4"]
[White "Burmakin, Vladimir"]
[Black "Postny, Evgeny"]
[Result "1/2-1/2"]
[WhiteElo "2581"]
[BlackElo "2645"]
[PlyCount "51"]
[EventDate "2015.??.??"]

1. Nf3 Nf6 2. c4 e6 3. g3 d5 4. Bg2 dxc4 5. Qa4+ c6 6. Qxc4 b5 7. Qc2 Bb7 8. a4
a6 9. O-O Nbd7 10. Nd4 Rc8 11. Nb3 Qb6 12. d4 c5 13. Bxb7 Qxb7 14. axb5 axb5
15. dxc5 Nxc5 16. Na5 Qe4 17. Qd1 Qf5 18. Nc3 Ncd7 19. Nb7 b4 20. Ra5 Qh3 21.
Nb5 Ng4 22. Nc7+ Rxc7 23. Ra8+ Ke7 24. Qd6+ Kf6 25. Qf4+ Ke7 26. Qd6+
1/2-1/2

[Event "Fagernes Chess International"]
[Site "Fagernes"]
[Date "2015.03.29"]
[Round "4"]
[White "Vovk, Andrey"]
[Black "Mikalsen, Erlend"]
[Result "1-0"]
[WhiteElo "2644"]
[BlackElo "2161"]
[PlyCount "65"]
[EventDate "2015.??.??"]

1. g3 e5 2. Bg2 d5 3. d3 Nf6 4. Nf3 Nc6 5. O-O Be7 6. c4 dxc4 7. Qa4 cxd3 8.
Nxe5 dxe2 9. Re1 O-O 10. Nxc6 bxc6 11. Nc3 Bc5 12. Rxe2 Bg4 13. Re1 Rb8 14.
Qxc6 Bd4 15. h3 Bh5 16. Nb5 Bb6 17. Bf4 Qd3 18. Bf1 Qd5 19. Qc4 Bf3 20. Rac1
Qxc4 21. Bxc4 Nd5 22. Be5 Ba5 23. Nd4 Bxe1 24. Nxf3 Nb6 25. Nxe1 Rfe8 26. Bxc7
Rbc8 27. Ba6 Rxc7 28. Rxc7 Rxe1+ 29. Kg2 Ra1 30. Rxa7 Rxa2 31. Rb7 Rxa6 32.
Rb8+ Nc8 33. Rxc8#
1-0

[Event "Fagernes Chess International"]
[Site "Fagernes"]
[Date "2015.03.29"]
[Round "4"]
[White "Salomon, Johan"]
[Black "Urkedal, Frode Olav Olsen"]
[Result "1/2-1/2"]
[WhiteElo "2401"]
[BlackElo "2524"]
[PlyCount "69"]
[EventDate "2015.??.??"]

1. d4 Nf6 2. c4 e6 3. Nf3 b6 4. g3 Ba6 5. b3 d5 6. Bg2 Bb4+ 7. Bd2 Be7 8. cxd5
exd5 9. O-O O-O 10. Nc3 Bb7 11. Bf4 c6 12. Rc1 Nbd7 13. Ne5 Nxe5 14. Bxe5 Bb4
15. Qd3 Re8 16. Bf3 a5 17. Qf5 Nd7 18. Bf4 Nf8 19. Bg5 Qd6 20. Bf4 Qe7 21. Nxd5
cxd5 22. Rc7 Bc8 23. Qxd5 Bd7 24. e4 Rac8 25. Rfc1 Qe6 26. Qb7 Rxc7 27. Bxc7
Qf6 28. e5 Qh6 29. Rd1 b5 30. d5 Bc3 31. e6 fxe6 32. dxe6 Bxe6 33. Qc6 Qf6 34.
Rd3 Be5 35. Qxe8
1/2-1/2

[Event "Fagernes Chess International"]
[Site "Fagernes"]
[Date "2015.03.29"]
[Round "4"]
[White "Nilsen, Joachim B."]
[Black "Vovk, Yuri"]
[Result "0-1"]
[WhiteElo "2406"]
[BlackElo "2588"]
[PlyCount "70"]
[EventDate "2015.??.??"]

1. Nf3 Nf6 2. c4 g6 3. Nc3 Bg7 4. e4 d6 5. d4 O-O 6. Be2 e5 7. O-O c6 8. Re1
Nbd7 9. Bf1 exd4 10. Nxd4 Ng4 11. Qxg4 Bxd4 12. Qd1 Qf6 13. Be3 Bxe3 14. Rxe3
Ne5 15. h3 Be6 16. b3 Rad8 17. Qd2 h5 18. Rd1 h4 19. Ne2 g5 20. Nd4 Kh7 21. Be2
Rg8 22. Qc3 Qg7 23. Nxe6 fxe6 24. c5 dxc5 25. Qxc5 Rxd1+ 26. Bxd1 Rd8 27. Be2
b6 28. Qc3 c5 29. b4 c4 30. a4 Rd4 31. Qc1 Qd7 32. Rc3 Rd2 33. Bf1 Rd1 34. Qe3
Qxa4 35. f4 Qa1
0-1

[Event "Fagernes Chess International"]
[Site "Fagernes"]
[Date "2015.03.29"]
[Round "4"]
[White "Romanov, Evgeny"]
[Black "Dann, Matthias"]
[Result "1-0"]
[WhiteElo "2613"]
[BlackElo "2475"]
[PlyCount "45"]
[EventDate "2015.??.??"]

1. g3 g6 2. d4 Nf6 3. Bg2 c5 4. dxc5 Na6 5. e4 h5 6. e5 Ng4 7. Nf3 Bg7 8. O-O
Nxc5 9. Re1 O-O 10. h3 Nh6 11. Nc3 b6 12. Nd4 Bb7 13. Bxb7 Nxb7 14. Bg5 Nc5 15.
Nd5 Re8 16. Qd2 Kh7 17. Rad1 Rc8 18. Qf4 Ne6 19. Nxe6 fxe6 20. Bxh6 Rf8 21. Qa4
Kxh6 22. Nf4 Rc6 23. Qe4
1-0

[Event "Fagernes Chess International"]
[Site "Fagernes"]
[Date "2015.03.29"]
[Round "4"]
[White "Johannessen, Leif E"]
[Black "Wallace, John Paul"]
[Result "1-0"]
[WhiteElo "2527"]
[BlackElo "2388"]
[PlyCount "73"]
[EventDate "2015.??.??"]

1. d4 Nf6 2. c4 g6 3. Nc3 Bg7 4. e4 d6 5. f4 O-O 6. Nf3 c5 7. dxc5 Qa5 8. Bd3
Qxc5 9. Qe2 Bg4 10. Be3 Qa5 11. O-O Nc6 12. Rac1 Nd7 13. Qf2 Bxf3 14. gxf3 a6
15. Bb1 Rac8 16. Rfd1 Qh5 17. Kh1 Nf6 18. c5 dxc5 19. e5 Ne8 20. Na4 f6 21. Nb6
Rc7 22. e6 Nd6 23. Nd5 Rfc8 24. Nxc7 Rxc7 25. Bxc5 Bf8 26. Bxd6 exd6 27. Be4
Qb5 28. f5 Rg7 29. Qc2 Ne7 30. fxg6 f5 31. gxh7+ Rxh7 32. Rg1+ Kh8 33. Bxf5
Nxf5 34. Qc8 Rxh2+ 35. Kxh2 Qe5+ 36. Kh1 Qf6 37. Rc2
1-0

[Event "Fagernes Chess International"]
[Site "Fagernes"]
[Date "2015.03.29"]
[Round "4"]
[White "Mihajlov, Svetoslav"]
[Black "Tari, Aryan"]
[Result "0-1"]
[WhiteElo "2203"]
[BlackElo "2509"]
[PlyCount "70"]
[EventDate "2015.??.??"]

1. Nf3 d5 2. d4 Nf6 3. c4 e6 4. Nc3 Bb4 5. Bg5 h6 6. Bh4 dxc4 7. Qa4+ Nc6 8. a3
Bxc3+ 9. bxc3 Qd5 10. Bxf6 gxf6 11. Nd2 b5 12. Qc2 Rb8 13. e4 Qd6 14. Be2 e5
15. d5 Ne7 16. a4 a6 17. O-O Bd7 18. Rfb1 O-O 19. axb5 axb5 20. Ra2 Ra8 21.
Rba1 Rxa2 22. Qxa2 f5 23. Qa7 Nc8 24. Qa2 Nb6 25. Qc2 f4 26. g3 fxg3 27. hxg3
f5 28. Bf3 f4 29. Kg2 Qg6 30. Qd1 fxg3 31. fxg3 Na4 32. Qc2 Nc5 33. Rh1 Nd3 34.
Qd1 Qg5 35. Nf1 Rxf3
0-1

[Event "Fagernes Chess International"]
[Site "Fagernes"]
[Date "2015.03.29"]
[Round "4"]
[White "Hauge, Lars Oskar"]
[Black "Mihajlov, Sebastian"]
[Result "1-0"]
[WhiteElo "2380"]
[BlackElo "2308"]
[PlyCount "97"]
[EventDate "2015.??.??"]

1. b3 d5 2. Bb2 Nf6 3. e3 e6 4. Nf3 Bd6 5. c4 O-O 6. Be2 c5 7. O-O Nc6 8. cxd5
exd5 9. d4 Bg4 10. dxc5 Bxc5 11. Nc3 a6 12. Rc1 Ba7 13. h3 Bh5 14. Nd4 Bxe2 15.
Ncxe2 Nxd4 16. Nxd4 Qd7 17. Qf3 Bxd4 18. Bxd4 Ne4 19. Rfd1 Rac8 20. Rxc8 Qxc8
21. Qg4 Qxg4 22. hxg4 Rc8 23. f3 Ng5 24. Rd2 h6 25. Bb2 Rc5 26. Kf2 f6 27. Ba3
Rc7 28. Ke2 Rd7 29. Rc2 Kf7 30. Rc8 Ne6 31. Kd2 Rd8 32. Rc1 g6 33. Bb2 Rd7 34.
Kd3 Rc7 35. Rxc7+ Nxc7 36. Kd4 b6 37. a4 Ke7 38. a5 bxa5 39. Kc5 Ke6 40. Kb6
Ne8 41. Kxa5 Kd6 42. Kxa6 Kc6 43. Ka5 h5 44. gxh5 gxh5 45. b4 Nd6 46. Bxf6 Kb7
47. Bd4 Nf5 48. Kb5 Nh4 49. g4
1-0

[Event "Fagernes Chess International"]
[Site "Fagernes"]
[Date "2015.03.29"]
[Round "4"]
[White "Galinsky, Timofey"]
[Black "Merkesvik, Sondre"]
[Result "1/2-1/2"]
[WhiteElo "2411"]
[BlackElo "2135"]
[PlyCount "86"]
[EventDate "2015.??.??"]

1. d4 Nf6 2. Nf3 g6 3. c3 Bg7 4. Bf4 d5 5. h3 O-O 6. Nbd2 b6 7. e3 c5 8. Be2
Nc6 9. O-O e6 10. a4 Qe7 11. Ne5 Bb7 12. Ndf3 Ne4 13. Nxc6 Bxc6 14. a5 b5 15.
Ne5 Be8 16. f3 Nf6 17. g4 Rc8 18. Bg3 c4 19. Qc2 b4 20. cxb4 Qxb4 21. Be1 Qb7
22. a6 Qb8 23. Kg2 Nd7 24. f4 f6 25. Nf3 e5 26. fxe5 fxe5 27. Bg3 Bf7 28. Ng5
Qb6 29. Bf3 e4 30. Be2 Be8 31. Rxf8+ Nxf8 32. h4 Bb5 33. Nh3 Ne6 34. g5 Rd8 35.
Be1 h5 36. gxh6 Bxh6 37. Ra3 Rc8 38. Bg4 Bd7 39. Qe2 Rb8 40. Bc3 Qd8 41. Be1
Qb6 42. Bc3 Qd8 43. Be1 Qb6
1/2-1/2

[Event "Fagernes Chess International"]
[Site "Fagernes"]
[Date "2015.03.29"]
[Round "4"]
[White "Graf, Felix"]
[Black "Getz, Nicolai"]
[Result "1-0"]
[WhiteElo "2478"]
[BlackElo "2367"]
[PlyCount "60"]
[EventDate "2015.??.??"]

1. d4 Nf6 2. Nc3 d5 3. Bg5 e6 4. e4 dxe4 5. Nxe4 Be7 6. Bxf6 gxf6 7. Nf3 f5 8.
Nc3 Bf6 9. Qd2 c6 10. O-O-O Nd7 11. Kb1 b6 12. Bd3 Bb7 13. Qh6 Qc7 14. Bxf5
exf5 15. Rhe1+ Kd8 16. Ne5 Bxe5 17. dxe5 Kc8 18. Qg7 Rd8 19. Qxf7 Rf8 20. Qe7
Rh8 21. Qg7 Re8 22. Qxh7 Nc5 23. Qxf5+ Kb8 24. f4 Bc8 25. Qg6 Rf8 26. e6 Qe7
27. f5 a5 28. g4 Ra7 29. g5 Qh7 30. e7 Rf6
1-0

[Event "Fagernes Chess International"]
[Site "Fagernes"]
[Date "2015.03.29"]
[Round "4"]
[White "Christiansen, Johan-Sebastian"]
[Black "Vovk, Oksana"]
[Result "1-0"]
[WhiteElo "2351"]
[BlackElo "2112"]
[PlyCount "59"]
[EventDate "2015.??.??"]

1. Nf3 d5 2. c4 c6 3. g3 Nf6 4. Bg2 Bg4 5. Ne5 Be6 6. O-O dxc4 7. Qc2 Qd4 8.
Nf3 Qd7 9. Na3 Bf5 10. Qxc4 e6 11. d3 Be7 12. Ne5 Qd8 13. g4 Bg6 14. h4 Nbd7
15. Nxd7 Qxd7 16. h5 Nxh5 17. gxh5 Bxh5 18. Qe4 f5 19. Qe3 Bf6 20. Nc4 Bd4 21.
Qf4 O-O-O 22. Re1 Rhg8 23. Qh2 Bg4 24. Bg5 Bf6 25. Be3 Bd4 26. Ne5 Qd6 27. Bxd4
Qxd4 28. Rac1 Rd6 29. Rc4 Qxb2 30. Nxg4
1-0

[Event "Fagernes Chess International"]
[Site "Fagernes"]
[Date "2015.03.29"]
[Round "4"]
[White "Goossens, Hanne"]
[Black "Haug, Johannes"]
[Result "1/2-1/2"]
[WhiteElo "2168"]
[BlackElo "2339"]
[PlyCount "70"]
[EventDate "2015.??.??"]

1. e4 e6 2. d4 d5 3. exd5 exd5 4. Bd3 Nc6 5. c3 Bd6 6. Qf3 Nge7 7. Ne2 Be6 8.
Bf4 Qd7 9. Bxd6 Qxd6 10. Nd2 O-O-O 11. Nb3 Kb8 12. O-O-O b6 13. Rde1 Ng6 14. h4
h5 15. Qg3 Qxg3 16. Nxg3 Nf4 17. Bf1 Rde8 18. Kd2 Bg4 19. Rxe8+ Rxe8 20. f3 Bd7
21. Nc1 Ne7 22. Nd3 Neg6 23. Nxf4 Nxf4 24. Ne2 Ng6 25. Ng3 Rh8 26. Bd3 Nf4 27.
Bf1 f6 28. Ne2 Ne6 29. g3 c5 30. dxc5 bxc5 31. Bh3 Kc7 32. b4 Rb8 33. a3 Kd6
34. f4 Bb5 35. Bf5 Nf8
1/2-1/2

[Event "Fagernes Chess International"]
[Site "Fagernes"]
[Date "2015.03.29"]
[Round "4"]
[White "Gandrud, Vegar Koi"]
[Black "Havik, Victor"]
[Result "1/2-1/2"]
[WhiteElo "2211"]
[BlackElo "2160"]
[PlyCount "102"]
[EventDate "2015.??.??"]

1. d4 Nf6 2. c4 e6 3. Nf3 b6 4. g3 Ba6 5. Qc2 Bb7 6. Bg2 c5 7. d5 exd5 8. cxd5
Nxd5 9. O-O Nc7 10. e4 Be7 11. Nc3 Nc6 12. Rd1 O-O 13. e5 Ne6 14. Be3 f6 15.
Bh3 Qe8 16. Qe4 Na5 17. Nd5 Nc7 18. exf6 Nxd5 19. fxg7 Rxf3 20. Qxf3 Nc3 21.
Qf5 Nxd1 22. Rxd1 Qf7 23. Rxd7 Rd8 24. Qxf7+ Kxf7 25. Rxe7+ Kxe7 26. Bg5+ Kf7
27. Bxd8 Bd5 28. a3 Kxg7 29. Bf1 Nc4 30. Bxc4 Bxc4 31. Bc7 Be2 32. f4 b5 33.
Kf2 Bg4 34. Ke3 b4 35. a4 c4 36. Ke4 Kg6 37. Be5 Be6 38. Bd4 a5 39. Ke5 Bd7 40.
Kd5 c3 41. bxc3 bxc3 42. Bxc3 h5 43. Ke5 h4 44. Bxa5 hxg3 45. hxg3 Bxa4 46. f5+
Kg5 47. Bd2+ Kg4 48. Bf4 Bb3 49. f6 Ba2 50. Kd6 Kf5 51. Ke7 Kg6
1/2-1/2

[Event "Fagernes Chess International"]
[Site "Fagernes"]
[Date "2015.03.29"]
[Round "4"]
[White "Røyset, Pål"]
[Black "Kaasen, Tor Fredrik"]
[Result "1-0"]
[WhiteElo "2251"]
[BlackElo "2099"]
[PlyCount "99"]
[EventDate "2015.??.??"]

1. e4 e6 2. d3 d5 3. Nd2 Nf6 4. g3 b6 5. Bg2 Bb7 6. Qe2 Be7 7. Ngf3 O-O 8. e5
Nfd7 9. h4 c5 10. h5 Nc6 11. Nf1 Qc7 12. Bf4 Rac8 13. c3 b5 14. N1h2 a5 15. Ng4
a4 16. O-O b4 17. a3 Qa5 18. Bd2 d4 19. c4 Qa8 20. h6 g6 21. Rfe1 Na5 22. Bf4
Nb3 23. Rab1 Rc6 24. Bg5 Bxg5 25. Nxg5 Rb6 26. Bxb7 Qxb7 27. Ne4 Na5 28. Ra1
Qc7 29. Qf3 Qd8 30. Ngf6+ Nxf6 31. Nxf6+ Kh8 32. Nd7 Rb7 33. Nxf8 Qxf8 34. Kg2
b3 35. Rh1 Ra7 36. Rae1 Nb7 37. Qf6+ Kg8 38. g4 Nd8 39. f4 Nc6 40. f5 Re7 41.
Kg3 Nb8 42. Kf4 Nd7 43. Qg7+ Qxg7 44. hxg7 exf5 45. gxf5 gxf5 46. Reg1 Re6 47.
Kxf5 Rg6 48. Rxg6 hxg6+ 49. Ke4 Nb6 50. e6
1-0

[Event "Fagernes Chess International"]
[Site "Fagernes"]
[Date "2015.03.29"]
[Round "4"]
[White "Grønnestad, Anita"]
[Black "Paulet, Iozefina"]
[Result "0-1"]
[WhiteElo "1987"]
[BlackElo "2205"]
[PlyCount "108"]
[EventDate "2015.??.??"]

1. Nf3 Nf6 2. c4 e6 3. b3 c5 4. Bb2 Be7 5. e3 b6 6. Be2 Bb7 7. Nc3 O-O 8. O-O
d6 9. d3 Nbd7 10. Qc2 a6 11. Rfd1 Qc7 12. d4 cxd4 13. Rxd4 Rac8 14. Rad1 Rfe8
15. Qb1 Qb8 16. Rh4 Nf8 17. Rh3 Bc6 18. Nd4 Bd7 19. Rg3 Ng6 20. f4 d5 21. cxd5
exd5 22. Bxa6 Rcd8 23. Bb5 Bc5 24. Bxd7 Rxd7 25. Qf5 Rde7 26. Na4 Rxe3 27. Rxe3
Rxe3 28. Nxc5 bxc5 29. Nc6 Qxf4 30. Qxf4 Nxf4 31. Bxf6 gxf6 32. g3 Nd3 33. Ne7+
Rxe7 34. Rxd3 d4 35. Kf2 Ra7 36. a4 Kg7 37. Kf3 f5 38. Rd1 Rb7 39. Rd3 Kf6 40.
Kf4 Re7 41. h3 Re4+ 42. Kf3 Ke5 43. Kf2 f4 44. gxf4+ Rxf4+ 45. Rf3 Rxf3+ 46.
Kxf3 Kd5 47. h4 h5 48. Ke2 f5 49. Kf3 Kc6 50. Kf4 Kb6 51. Kf3 Ka5 52. Ke2 f4
53. Kf3 d3 54. Kf2 c4
0-1